000 00350nam a2200145Ia 4500
008 151213s9999 xx 000 0 und d
100 _aJohn Atkins
245 _aThe Art of Ernest Hemingway
_cJohn Atkins
260 _aLondon
_bSpring Books
_c1952
300 _a4524 p.
650 _aEnglish
650 _aII
700 _aJohn Atkins
999 _c2899
_d2899